Celebrity Couples 2014 Quiz Stats

Quiz Updated Jan 23, 2015

Challenge
Share
Tweet
Score 0/24 Timer 04:00
0 Plays Today
% Correct
Brad Pitt
97.7%
Beyoncé
96.9%
Kim Kardashian
94.5%
Ashton Kutcher
89.9%
Ben Affleck
86%
Portia de Rossi
83.9%
Keith Urban
81.4%
Ryan Reynolds
72.6%
Justin Theroux
71.3%
Emma Stone
70.4%
Penélope Cruz
68.1%
Ryan Gosling
66.5%
% Correct
David Burtka
62.2%
John Krasinski
60.9%
John Legend
59.5%
Jason Sudeikis
58.1%
Sean Penn
56.5%
Elsa Pataky
47.2%
Leighton Meester
45.9%
Nick Kroll
43.1%
Cheryl Hines
42.6%
Mia Wasikowska
40.9%
Joshua Jackson
40.6%
Marcus Mumford
38%

You're not logged in!

Compare scores with friends on all Sporcle quizzes.
Sign Up with Email
OR
Log In

You Might Also Like...

Show Comments

Extras

Top Quizzes Today


Score Distribution

Your Account Isn't Verified!

In order to create a playlist on Sporcle, you need to verify the email address you used during registration. Go to your Sporcle Settings to finish the process.